000 00685nam a22002537a 4500
003 UA-OsUOA
001 23274
007 ta
008 20040116b un ||||| |||| 00| 0 ukr d
090 _a82(091)(477)
_bІ90
942 _cBK
040 _aUA-OsUOA
_bukr
_cUA-OsUOA
_dUA-OsUOA
245 _aІсторія україньської літератури. ХХ століття
_bНавч. посібник
_cРед. В.Г.Дончик
_nЧ. 2
300 _a512 с.
955 _a0
041 _aukr
080 _a82(091)(477)
020 _a5-325-00477-8
260 _aКиїв
_bЛибідь
_c1995
246 3 1 _aКн. 2
_n
044 _aUA
650 7 _2UDC
999 _c309519
_d309519